000 00610nam a22001817a 4500
010 _aENG-120884
020 _c595.00
_a9788188965687
035 _aEN-104416
037 _bDBAD/PUB
082 _a613.94
100 _aSharda Srinivasan
245 _aDaughter deficit :
_bsex selection in Tamil Nadu /
_cedited by Sharda Srinivasan
260 _aNew Delhi
_bWomen Unlimited (an associate of kali for women)
_c2016
270 _a7/10 First Floor, Sarvapriya Vihar
_bNew Delhi
_e110016
300 _aviii,293p.
_c22cm(Hb)
500 _aIncludes references
942 _2ddc
_cEN
_h613.94
_mDAU
999 _c146735
_d146735